Holy Qur'an (Record no. 45648)

MARC details
000 -LEADER
fixed length control field 00469nam a2200133 a 4500
008 - FIXED-LENGTH DATA ELEMENTS--GENERAL INFORMATION
fixed length control field 120416s1990 ||||||||||||||||| || u
050 ## - LIBRARY OF CONGRESS CALL NUMBER
Classification number BP 109 Kor
245 10 - TITLE STATEMENT
Title Holy Qur'an
246 ## - VARYING FORM OF TITLE
Title proper/short title Kora, English and Arabic
260 ## - PUBLICATION, DISTRIBUTION, ETC.
Place of publication, distribution, etc. Qun
Name of publisher, distributor, etc. Anssarian Publications
Date of publication, distribution, etc. 1990
300 ## - PHYSICAL DESCRIPTION
Extent xxxv, 634p.
350 ## - PRICE (NR) (BK AM CF MU VM SE) [OBSOLETE]
Price 0.00
995 ## - RECOMMENDATION 995 [LOCAL, UNIMARC FRANCE]
-- 0.00
-- CBU-MAIN LIBRARY (Kitwe)
-- 1
-- 10.95
-- 1
-- DAMAGED
-- Aug 1, 2006
-- Main Library Open Access Collection
Holdings
Withdrawn status Lost status Source of classification or shelving scheme Damaged status Not for loan Home library Current library Shelving location Date acquired Total Checkouts Full call number Barcode Date last seen Price effective from Koha item type
          CBU-MAIN LIBRARY, KITWE. CBU-MAIN LIBRARY, KITWE.   11/30/2022   BP 109 Kor 001122 11/30/2022 11/30/2022 MONOGRAPH